000 00521nam a2200145 a 4500
001 000039818
005 20201002033743.0
008 130723s2006 cl 000 0 spa d
040 _aDO-SdBNP
_bspa
_cBNPHU
100 1 _aKreimer, Nataniel
_966012
245 1 0 _aCómo ser un emprendedor exitoso /
_cNataniel Kreimer.
246 1 4 _aPlaniación estratégica :
_bcómo ser un emprendedor exitoso y no fracasar en un intento
260 _aColombia :
_bArquetipo grupo editorial,
_c2006.
300 _a392 p. :
_bil.,retrs. ;
_c27 cm.
999 _c39308
_d39308